Subdivision capitals closest to Seinäjoki (FI) - Statistics

General Stats
  • This quiz has been taken 27 times
  • The average score is 13 of 20
Answer Stats
Distance (km) Answer % Correct
16 312 Helsinki
100%
13 278 Oulu
100%
3 151 Tampere
100%
1 70 Vaasa
100%
12 262 Turku
94%
5 161 Jyväskylä
89%
2 118 Kokkola
83%
4 155 Pori
83%
7 217 Hämeenlinna
72%
14 290 Kajaani
72%
8 246 Kuopio
72%
9 249 Lahti
72%
15 294 Kouvola
61%
20 340 Lappeenranta
56%
19 337 Kotka
50%
11 260 Mikkeli
44%
6 173 Umeå
39%
18 336 Mariehamn/Maarianhamina
28%
17 313 Luleå
11%
10 250 Härnösand
6%
No matching quizzes found
Score Distribution
Percent of People with Each Score
Percentile by Number Answered
Your Score History
You have not taken this quiz